Logo CIB grande

Tecnología educativa : educar para la sociocultura de la comunicación y del conocimiento (Registro nro. 237293)

Detalles MARC
000 -LEADER
campo de control de longitud fija 00920nam a2200265Ia 4500
005 - FECHA Y HORA DE LA ÚLTIMA TRANSACCIÓN
campo de control 20250425162828.0
008 - DATOS DE LONGITUD FIJA--INFORMACIÓN GENERAL
campo de control de longitud fija 250425s9999 xx 000 0 und d
020 ## - NÚMERO INTERNACIONAL ESTÁNDAR DEL LIBRO
Número Internacional Estándar del Libro 9584101854
041 ## - CÓDIGO DE IDIOMA
Código de lengua del texto/banda sonora o título independiente spa
044 ## - CÓDIGO DEL PAÍS DE LA ENTIDAD EDITORA/PRODUCTORA
Código MARC del país ck
082 ## - NÚMERO DE LA CLASIFICACIÓN DECIMAL DEWEY
Número de clasificación 371.334
Iniciales del Autor POO
010 ## - NÚMERO DE CONTROL DE LA BIBLIOTECA DEL CONGRESO
Número de control de LC 110767
100 ## - ENTRADA PRINCIPAL--NOMBRE DE PERSONA
Nombre de persona Poole, Bernard J.
245 #0 - MENCIÓN DEL TÍTULO
Título Tecnología educativa : educar para la sociocultura de la comunicación y del conocimiento
Mención de responsabilidad, etc. Bernard J. Poole y traducido por Beatriz Martínez de Murgía
250 ## - MENCION DE EDICION
Mención de edición Segunda edición, reimpresión
260 ## - PUBLICACIÓN, DISTRIBUCIÓN, ETC.
Lugar de publicación, distribución, etc. Bogotá
Nombre del editor, distribuidor, etc. McGraw Hill Interamericana
264 ## - PRODUCCIÓN, PUBLICACIÓN, DISTRIBUCIÓN, FABRICACIÓN Y COPYRIGHT
Producción, publicación, distribución, fabricación y copyright Colombia, BOGOTA
Nombre del de productor, editor, distribuidor, fabricante MC GRAW - HILL
Fecha de producción, publicación, distribución, fabricación o copyright 2003.
300 ## - DESCRIPCIÓN FÍSICA
Extensión 390 páginas
Otras características físicas ilustraciones
Dimensiones 17 cm.
504 ## - NOTA DE BIBLIOGRAFÍA, ETC.
Nota de bibliografía, etc. Nota Incluye bibliografía, glosario e índice
650 ## - PUNTO DE ACCESO ADICIONAL DE MATERIA--TÉRMINO DE MATERIA
Término de materia o nombre geográfico como elemento de entrada Enseñanza Tecnológica
650 ## - PUNTO DE ACCESO ADICIONAL DE MATERIA--TÉRMINO DE MATERIA
Término de materia o nombre geográfico como elemento de entrada Tecnología Educativa
700 ## - ENTRADA AGREGADA--NOMBRE PERSONAL
Nombre de persona Martínez de Murguía, Beatríz
Término indicativo de función/relación traductor
902 ## - ELEMENTOS DE DATOS B LOCAL, LDB (RLIN)
a Monográfico
c Impreso
942 ## - ELEMENTOS DE ENTRADA SECUNDARIOS (KOHA)
Tipo de ítem Koha Libros
Existencias
Estatus retirado Estado de pérdida Estado de daño No para préstamo Biblioteca de origen Biblioteca actual Fecha de adquisición Coste, precio normal de compra Etiqueta RFID Total de préstamos Código de barras Copia número Tipo de ítem Koha
        CENTRO DE INFORMACIÓN BIBLIOTECARIA CENTRO DE INFORMACIÓN BIBLIOTECARIA 04/12/2019 15.00 0000000000000000036918   D-109922 3 Libros

Copyright 2025 ESPOL. Todos los derechos reservados.